React (Record no. 343785)

MARC details
000 -LEADER
fixed length control field 00465nam a2200169Ia 4500
008 - FIXED-LENGTH DATA ELEMENTS--GENERAL INFORMATION
fixed length control field 230718s9999 xx 000 0 und d
020 ## - INTERNATIONAL STANDARD BOOK NUMBER
International Standard Book Number 9789352134434
041 ## - LANGUAGE CODE
Language code of text/sound track or separate title eng
082 ## - DEWEY DECIMAL CLASSIFICATION NUMBER
Classification number 005.678
Item number STE
100 ## - MAIN ENTRY--PERSONAL NAME
Personal name Stefanov S.
9 (RLIN) 155926
245 ## - TITLE STATEMENT
Title React
Remainder of title Up And Running Building Web Applications
260 ## - PUBLICATION, DISTRIBUTION, ETC. (IMPRINT)
Date of publication, distribution, etc. 2016
Name of publisher, distributor, etc. SPD
300 ## - PHYSICAL DESCRIPTION
Extent 201
365 ## - TRADE PRICE
Currency code Rs.
Price amount 425.00
700 ## - ADDED ENTRY--PERSONAL NAME
Personal name Stefanov S.
9 (RLIN) 155926
906 ## - LOCAL DATA ELEMENT F, LDF (RLIN)
d O:0364309-Dec-2016B:240620-Oct-2016
c COMP
b 63.75
Holdings
Withdrawn status Lost status Damaged status Not for loan Home library Current library Date acquired Vendor Budget Code Cost, normal purchase price Bill number Total Checkouts Full call number Barcode Checked out Date last seen Date last checked out Discount Cost, replacement price Bill Date Koha item type Original Barcode
        Cummins College of Engineering for Women Pune Cummins College of Engineering for Women Pune 15/12/2016 Technical Book Services COMP 361.25 2406 6 005.678 CCEP-BK-54992 07/07/2026 08/01/2026 08/01/2026 63.75 425.00 20/10/2016 Books 054992